Subdivisions de Jamaïque - Statistiques

Statistiques générales
  • Ce quiz a été pris 28 fois
  • Le résultat moyen est 7 sur 14
Réponses sur la Carte
Les réponses sont colorées sur une échelle allant du rouge au vert en fonction du pourcentage des utilisateurs qui les ont devinées à leur premier essai. Vous pouvez retrouver ces pourcentages ci-dessous.
 
Statistiques - réponses
Réponse % Correct
Kingston
91%
Portland
64%
Saint James
64%
Manchester
55%
Saint Ann
55%
Trelawny
55%
Westmoreland
55%
Hanover
45%
Saint Andrew
45%
Saint Elizabeth
45%
Saint Catherine
36%
Saint Mary
36%
Saint Thomas
36%
Clarendon
27%
Aucun quiz correspondant
Distribution des résultats
% des personnes avec chaque résultat
Percentile par nombre de réponses
Votre historique - résultats
Vous n’avez pas pris ce quiz